วิทยาลัยพยาบาลบรมราชชนนี ยะลา
ระบบห้องสมุดอัตโนมัติ ULIBM BCNYALA - V.6
เปลี่ยนเป็นภาษาไทย

Change to English
 แสดงรายละเอียดบรรณานุกรม
  กลับหน้าหลัก

Brief Record : Get Marc (ISO 2709) : E-mail record : QR code ปิดหน้าต่าง
Brunner & Suddarth Textbook of Medical - Surgical Nursing Review โดย
ใช้งานได้ทุกระบบ
ห้องสมุดวพบ.ยะลา
ใช้งานได้ทุกระบบ เมื่อ25/มีนาคม/2569
Contents

Unit 1 : Principles of Nursing Practice
Unit 2 : Concepts and Principles of Patient Management
Unit 3 : Perioperative Concepts and Nursing Management
Unit 4 : Gas Exchange and Respiratory Function
Unit 5 : Cardiovascular and Circulatory Functiion
Unit 6 : Hematologic Function
Unit 7 : Immunologic Function
Unit 8 : Musculoskeletal Function
Unit 9 : Digestive and Gastrointestinal Function
Unit 10 : Metabolic and Endocrine Function
Unit 11 : Kidney and Urinary Tract Function
Unit 12 : Reproductive Function
Unit 13 : Integumentary Function
Unit 14 : Sensory Function
Unit 15 : Neurologic Function
Unit 16 : Acute Community-Based Challenges

E-books : เกี่ยวกับ Collections
LEADER 00000nam 2200000uu 4500
001    3825
003     ULIBM
008    260325s2026||||th 000 0 tha d
020    9781975221140
060 04 ^aWY150^bH663b
100 1  Hinkle,Janice L.
245 00 ^aBrunner & Suddarth Textbook of Medical - Surgical Nursing/^cJanice L. Hinkle,Kerry H. Cheever,Kristen J. Overbaugh
250    ^a16th ed.
260    ^aPhiladelphia :^bWolters Kluwer,^c2026.
300    ^axxiii,2022p. :^bill ;^c28cm.
650  7 nursing care
700 1  Cheever,Kerry H.
700 1  Overbaugh,Kristen J.
999    ^aฮัซวานี
รายการนี้ยังไม่มีแท็ก
คุณยังไม่ได้ล็อกอิน คุณสามารถมีกิจกรรมร่วมกับเว็บไซต์ได้ แต่ต้องล็อกอินก่อน ::
  ล็อกอิน
ลำดับที่ ประเภท เลขเรียก สถานที่ สถานะ
1. หนังสือภาษาอังกฤษทางการพยาบาล
หนังสือภาษาอังกฤษทางการพยาบาล
WY150 H663b 2026 V.1 
  
ห้องสมุดวพบ.ยะลา
►หนังสือ ตำรา ทางการพยาบาล
On Shelf
  ขอยืม
   [แสดง 1/1 รายการ]

รายการใกล้เคียง
    ผู้แต่ง [Hinkle,Janice L.]

    หัวเรื่อง [nursing care]

BibComment


ยังไม่เคยถูกคอมเมนท์

คอมเมนท์ทรัพยากรรายการนี้
  คอมเมนท์: Brunner Suddart..
Bib 3825

 
 
 

 Union Library Management : ULibM

ดูหนังออนไลน์

Copyright 2026. All Rights Reserved.